LEADER 01626nam 2200505 450 001 996479366503316 005 20231009164944.0 010 $a3-031-05318-4 035 $a(MiAaPQ)EBC7023559 035 $a(Au-PeEL)EBL7023559 035 $a(CKB)24094355300041 035 $a(PPN)269151516 035 $a(EXLCZ)9924094355300041 100 $a20221226d2022 uy 0 101 0 $aeng 135 $aurcnu|||||||| 181 $ctxt$2rdacontent 182 $cc$2rdamedia 183 $acr$2rdacarrier 200 10$aMathematics and statistics for science /$fJames Sneyd, Rachel M. Fewster, and Duncan McGillivray 210 1$aCham, Switzerland :$cSpringer,$d[2022] 210 4$d©2022 215 $a1 online resource (952 pages) 311 08$aPrint version: Sneyd, James Mathematics and Statistics for Science Cham : Springer International Publishing AG,c2022 9783031053177 320 $aIncludes bibliographical references and index. 606 $aScience$xStatistical methods 606 $aScience$xMathematics 606 $aMathematics 606 $aEstadística matemàtica$2thub 608 $aLlibres electrònics$2thub 615 0$aScience$xStatistical methods. 615 0$aScience$xMathematics. 615 0$aMathematics. 615 7$aEstadística matemàtica 676 $a507.2 700 $aSneyd$b James$023218 702 $aMcGillivray$b Duncan 702 $aFewster$b Rachel M. 801 0$bMiAaPQ 801 1$bMiAaPQ 801 2$bMiAaPQ 906 $aBOOK 912 $a996479366503316 996 $aMathematics and statistics for science$92997434 997 $aUNISA